000 00277nam a2200085Ia 4500
245 0 _aWhere's the chicken? : making South Africa safe
100 _a Cartwright, John , 1938- Kenilworth, South Africa, 2012
_961117
942 _cBK
008 210817s9999 xx 000 0 und d
999 _c320561
_d320560